Apprends l'alphabet avec La Fine Equipe - Statistics

General Stats
  • This quiz has been taken 4 times
  • The average score is 21 of 26
Answer Stats
Hint Answer % Correct
Monstres qui pourchassent les héros A Artifice
100%
Matériel constituant la evil tower de Judd C Carton
100%
Mois de naissance de Lucy D Décembre
100%
La Fine ...? E Équipe
100%
Pays où se passe l'histoire F France
100%
Aime le vélo et le football G Gabriel
100%
Ancien prénom d'Ylenia H Helena
100%
Pouvoir d'Emi I Invisibilité
100%
Ex-militaire travaillant pour l'institut (unhappily) J Jonathan
100%
Ville anglaise où a habité Lucy N Newcastle
100%
Arbre d'où vient la magie O Olivier
100%
Niveau scolaire au cours duquel j'ai inventé l'histoire Q Quatrième
100%
Nom de famille de Basil R Renard
100%
Pouvoir d'Ylenia T Télékinésie
100%
Nombre de morts parmi les sept principaux d'ici la fin U Une
100%
Responsable sécurité de l'institut V Valérie
100%
Père biologique de Gabriel X Xavier
100%
Elle en sait plus qu'elle ne le montre Y Ylenia
100%
Ville fictive où habitent Mathieu, Lucy et Ludivine L Londrillant
67%
Petit frère de Mathieu M Marco
67%
Labrador de Mathieu S SNF
67%
Nom de famille de Ylenia B Bertolini
33%
Prénom du personnage partageant le nom de famille de Sirine K Khadija
33%
Communauté recluse/sectaire des parents P Phalanstère
33%
Docteur de l'institut qui devient le mentor de Mathieu W Weingartner
33%
Grand-mère de Ludivine Z Zaitouna
0%
No matching quizzes found
Score Distribution
Percent of People with Each Score
Percentile by Number Answered
Your Score History
You have not taken this quiz